000 00497nam a2200181Ia 4500
005 20250508153847.0
008 008 250505s9999 xx 000 0 hin d
037 _aTextual
040 _aFEDL
_beng
_cFEDL
041 _ahin
_2hin
084 _aFh, MIC
_qFEDL
100 _aMichener James A
_912642
245 0 _aSwatantriya setu
260 _aBombay, India
_bPearl Publications Private Limited 
_c1957
300 _a288p.
942 _cTEXL
_hFh, MIC
999 _c1346025
_d1346025